000 00773nam a2200181Ia 4500
008 090124s9999 xx 000 0 und d
082 _b24326
100 _aअत्रे सुप्रिया
245 _a महाराष्ट्र दर्शन 8 तीर्थक्षेत्र-दर्शन
250 _a0
260 _bअतुल प्रकाशन
_c1986
300 _a58
600 _aअत्रे सुप्रिया
630 _a महाराष्ट्र दर्शन 8 तीर्थक्षेत्र-दर्शन
700 _aअत्रे सुप्रिया
730 _a महाराष्ट्र दर्शन 8 तीर्थक्षेत्र-दर्शन
942 _cBOOK
999 _c92836
_d92836